[Event "Dortmund SuperGM 41st"]
[Site "Dortmund"]
[Date "2013.08.02"]
[Round "7"]
[White "Adams, Michael"]
[Black "Khenkin, Igor"]
[Result "1-0"]
[WhiteElo "2740"]
[BlackElo "2605"]
[Annotator "Adams,M"]
[PlyCount "61"]
[EventDate "2013.07.26"]
[EventType "tourn"]
[EventRounds "9"]
[EventCountry "GER"]
[EventCategory "19"]
[SourceTitle "CBM 156"]
[Source "ChessBase"]
[SourceDate "2013.09.17"]
[SourceVersion "1"]
[SourceVersionDate "2013.09.17"]
[SourceQuality "1"]

1. e4 c6 2. d4 d5 {I had intended to play the Advance pre tournament, but
before the game wasn't sure how to counter the variation that occurred in my
opponent's last round game with Naiditsch. It seems Arkadij was rather better
informed. Vor dem Turnier hatte ich beabsichtigt, die Vorstoßvariante zu
spielen, war aber vor der Partie nicht sicher, wie ich der Variante begegnen
sollte, die in der Letztrundenbegegnung meines Gegners gegen Naiditsch aufs
Brett gekommen war. Offenbar war Arkadij da deutlich besser informiert.} 3. Nd2
dxe4 4. Nxe4 Bf5 5. Ng3 Bg6 6. h4 h6 7. Nf3 Nf6 {I wasn't expecting this line.
Dieses Abspiel hatte ich nicht erwartet.} 8. Ne5 Bh7 9. Bd3 Nbd7 10. Bxh7 ({
I played} 10. f4 {here in my game with Mamedyarov in the London Grand Prix. an
dieser Stelle hatte ich in meiner Partie gegen Mamedyarov beim London Grand
Prix gespielt.}) 10... Nxe5 11. dxe5 Qa5+ 12. Kf1 Nxh7 13. e6 Qd5 {This looks
very logical aiming to remove the e6 pawn as quickly as possible. Dies wirkt
sehr logisch; es wird versucht, so schnell wie möglich den e6-Bauern zu
beseitigen.} 14. exf7+ (14. Qe2 {is another interesting option. ist eine
weitere interessante Möglichkeit.}) 14... Qxf7 15. Ne4 ({I thought this was
necessary as Dies hielt ich für notwendig, denn nach} 15. Kg1 Nf6 {leaves
White's knight low on options. ist der weiße Springer arm an Möglichkeiten.})
15... Nf6 16. Nxf6+ ({I was reluctant to move my queen as it allows Black to
castle long but after Es widerstrebte mir, meine Dame zu ziehen, da dies
Schwarz die lange Rochade erlaubt, aber nach} 16. Qe2 O-O-O {the computer
suggestion sieht der Computervorschlag} 17. Be3 $5 {looks interesting as the
knight is indirectly protected: interessant aus, da der Springer indirekt
gedeckt ist:} Nxe4 18. Qg4+) 16... Qxf6 $2 ({I was very happy to see this
recapture as Black's structural problems ensure White will always have some
advantage. I was anticipating the stronger Ich war sehr froh, dieses
Zurückschlagen zu sehen, denn die strukturellen Probleme von Schwarz werden
dafür sorgen, dass Weiß immer gewissen Vorteil haben wird. Erwartet hatte ich
das stärkere} 16... exf6 17. Rh3 Be7 18. Rb3 (18. Rg3 {is well met by wird gut
beantwortet mit} f5 $1) 18... b6 {Here Igor didn't like Hier missfiel Igor} 19.
Rc3 {I felt during the game Ich meinte während der Partie, dass} O-O 20. Rxc6
Bc5 {should give good compensation gute Kompensation geben sollte.}) (16...
gxf6 $5 {is also possible although then Black's king may struggle to find a
comfortable home. ist ebenfalls möglich, obwohl der schwarze König dann
vielleicht darum kämpfen muss, ein bequemes Zuhause zu finden.}) 17. Rh3 {
Developing the rook along the third rank is sensible with my king already
safely placed. My queen is still doing a good job preventing Black castling
queenside. Den Turm über die dritte Reihe zu entwickeln, ist sinnvoll, da mein
König ja bereits sicher steht. Meine Dame leistet noch immer gute Arbeit, da
sie die schwarze Rochade zum Damenflügel verhindert.} e6 (17... e5 18. Qh5+ g6
19. Qg4 {is also no picnic. ist ebenfalls kein Zuckerschlecken.}) 18. Be3 $1 {
Now Black has some real problems. Jetzt hat Schwarz ein paar echte Probleme.}
Be7 ({I thought Ich hielt} 18... Qf5 {was better but für besser, aber} 19. Rg3
$1 {makes it difficult to complete development. macht es schwierig, die
Entwicklung abzuschließen.}) 19. Bd4 Qg6 (19... e5 20. Qh5+ {wins a pawn
gewinnt einen Bauern.}) ({Perhaps the best try is Der beste Versuch ist
vielleicht} 19... Qf5 20. Bxg7 Rg8 21. Bxh6 Rh8 22. Be3 Rxh4 23. Rxh4 Bxh4 {
although there is insufficient compensation for the pawn. , obwohl die
Kompensation für den Bauern nicht ausreichend ist.}) ({After Nach} 19... Qf7
20. Rf3 (20. Qg4 {is also good. ist ebenfalls gut.}) 20... Bf6 (20... Qh5 $2
21. Rf8+) (20... Qg6 21. Rg3 {transposes. leitet über.}) 21. Bxf6 gxf6 {
I was intending beabsichtigte ich} 22. Qd2 (22. Rd3 {is also strong. ist
ebenfalls stark.})) 20. Rg3 Qf5 21. Rxg7 Rf8 ({The intended Das beabsichtigte} 
21... Bxh4 $2 {loses to verliert wegen} 22. Qg4 $1) 22. Qg4 Rd8 ({If Falls} 
22... O-O-O {so ist} 23. Re1 $1 {is good as in the game. gut, wie in der
Partie.}) 23. Re1 $1 {Preventing any activity. Unterbindet jegliche Aktivität.}
Rd6 24. c3 ({There is no reason to get involved in Es gibt keinen Grund, sich
auf} 24. Bxa7 Qxc2 {einzulassen.}) 24... h5 25. Qg6+ Kd8 26. Qxf5 (26. Qg3 {
was another possibilty but simple play is good enough. war eine weitere
Möglichkeit, aber einfaches Spiel ist gut genug.}) 26... Rxf5 27. Rg8+ ({
I thought my rook could get short of room after Ich dachte, meinem Turm könnte
nach} 27. g3 Ke8 {so threw in a check. der Platz knapp werden, daher streute
ich ein Schach ein.}) 27... Kd7 28. g3 c5 (28... Bf6 29. Bxf6 Rxf6 30. Rg7+ {
is little better. ist wenig besser.}) 29. Be3 Bf6 30. Rf8 a6 ({A time trouble
error shortens the game, after the better Ein Zeitnotirrtum verkürzt die
Partie, nach dem besseren} 30... Ke7 31. Ra8 ({or or} 31. Rc8 $5) 31... a6 (
31... Ra6 32. a3) 32. Rb8 {the result should remain the same. sollte das
Ergebnis das gleiche bleiben.}) {Here I played Hier spielte ich} 31. Rf7+ (31.
Rf7+ {which proved very effective as Black resigned. was sich als sehr wirksam
erwies, denn Schwarz gab auf.} Kc6 32. Bf4 e5 (32... Bxc3 33. Rxf5 Bxe1 34.
Rxc5+ {wins. gewinnt.}) 33. Bg5 {is hopeless. After the game finished I saw
that Vladimir was about to lose giving me a point lead in the overall
standings. ist hoffnungslos. Nachdem die Partie zu Ende war, sah ich, dass
Wladimir dabei war zu verlieren, was mir im Gesamtstand einen Punkt Vorsprung
verschaffte.}) ({There was another good option in Eine weitere gute
Möglichkeit bestand in} 31. Bxc5) 1-0

[Event "PCA-Wch Candidates sf2"]
[Site "Linares"]
[Date "1994.??.??"]
[Round "5"]
[White "Anand, Viswanathan"]
[Black "Adams, Michael"]
[Result "1-0"]
[WhiteElo "2720"]
[BlackElo "2640"]
[Annotator "Anand,V"]
[PlyCount "105"]
[EventDate "1994.09.??"]
[EventType "match"]
[EventRounds "7"]
[EventCountry "ESP"]
[SourceTitle "CBM 043"]
[Source "ChessBase"]
[SourceDate "1994.12.01"]
[SourceVersion "1"]
[SourceVersionDate "1994.12.01"]
[SourceQuality "1"]

1. e4 {Ftacnik} c6 2. d4 d5 3. Nc3 dxe4 4. Nxe4 Bf5 5. Ng3 Bg6 6. Nf3 Nd7 7. h4
h6 8. h5 Bh7 9. Bd3 Bxd3 10. Qxd3 e6 11. Bf4 Bb4+ 12. c3 Be7 13. O-O-O (13. Ne4
Ngf6 14. Nd6+ Bxd6 15. Bxd6 Qa5) 13... Ngf6 14. Kb1 a5 15. Ne5 (15. c4 a4)
15... a4 16. c4 O-O 17. Ne4 (17. Qf3 $5) 17... Nxe4 18. Qxe4 Nxe5 $10 19. Bxe5
Bf6 20. Qf4 (20. f4 a3 21. b3 Bxe5 22. Qxe5) 20... Bg5 (20... b5 $5 21. Bxf6
Qxf6 22. Qxf6 gxf6 23. Rh3 $10) 21. Qe4 a3 (21... Bf6 22. f4 Bxe5 23. dxe5 Qa5)
22. b3 Bf6 23. f4 Bxe5 24. dxe5 Qa5 (24... Qb6 $1 25. Kc2 (25. Qd4 Qa5 26. Qe3
$10) (25. Rd2 Rfd8 26. Rhd1 Rxd2 27. Rxd2 Qg1+ 28. Kc2 Qa1 $40)) 25. Kc2 Rad8 (
25... f6 26. Rd7) 26. Rd6 $1 (26. g4 Qc5 $36 {>< a2,>>}) (26. Qe3 {Ftacnik}
Rxd1 27. Rxd1 Rd8 $10) 26... Rxd6 27. exd6 Qc5 28. Rd1 Qxh5 29. Rd2 Rd8 (29...
Qg6 $10) 30. b4 $1 $44 c5 $6 (30... Kf8 31. c5 (31. Qh7 Qg6+ 32. Qxg6 fxg6 $13)
) 31. Qe5 $1 (31. b5 {Ftacnik} Rd7 32. Kb3 Qh4 33. Kxa3 Qd8 34. Qe5 b6 $13) (
31. Qxb7 {Ftacnik} Qf5+ 32. Kb3 Qxf4 $132) 31... Qg6+ (31... Qxe5 {Ftacnik} 32.
fxe5 cxb4 33. Kb3 $16) 32. f5 Qg4 $1 (32... Qxf5+ $2 33. Qxf5 exf5 34. bxc5 $18
{/\ Rd3-b3} (34. bxc5 {Ftacnik} Kf8 35. Kc3 Re8 36. Kb4 $18)) (32... exf5 33.
bxc5 $16) 33. Kb3 $1 (33. Qxc5 b6 $1 (33... e5 34. Qd5 (34. Qxe5 Qxc4+ 35. Qc3
Qe4+ (35... Qxa2+ $4 36. Kc1 $1) 36. Kc1 Qxf5 37. d7) 34... Qxf5+ 35. Kb3 $1 {
/\ Ka4-b5}) 34. Qb5 Qe4+ 35. Kc3 Qe3+ 36. Kc2 $10) 33... Qg5 (33... exf5 34.
bxc5 $16) (33... b5 34. Qxc5 bxc4+) (33... cxb4 34. fxe6 $16) 34. Re2 Qc1 (
34... cxb4 {Ftacnik} 35. fxe6 Qxe5 36. Rxe5 fxe6 37. Rxe6 b6 38. Kxb4 Kf7 39.
Re7+ Kf6 40. c5 bxc5+ 41. Kxc5 $18) 35. bxc5 $2 (35. Re1 $1 Qd2 36. bxc5 $1 $16
) 35... Qb1+ 36. Kc3 Qc1+ 37. Kd3 Qd1+ (37... exf5 $4 38. Re1 $1 Qg5 39. Qe7
Qg3+ $2 40. Re3 $18) 38. Ke3 exf5 39. Kf2 $16 Qc1 40. Qe7 Qf4+ (40... Rd7 41.
Qe8+ Kh7 42. Qe5) 41. Kg1 Qd4+ (41... Rd7 42. Qe8+ Kh7 43. Qe5) 42. Kh2 Rd7 43.
Qe8+ (43. Qxd7 $2 {Ftacnik} Qh4+ 44. Kg1 Qd4+ 45. Rf2 (45. Kf1 Qf4+ 46. Rf2
Qc1+) 45... Qd1+ 46. Kh2 Qh5+ 47. Kg1 Qd1+ 48. Rf1 Qd4+ $10) 43... Kh7 44. Qe5
Qh4+ 45. Kg1 Qg5 (45... Qxc4 {Ftacnik} 46. Qxf5+ g6 (46... Kg8 $2 47. Re8#) 47.
Qxd7 Qxe2 48. Qxf7+ Kh8 49. Qf8+ Kh7 50. Qe7+ $18) (45... g6 {Ftacnik} 46. Qd5
Qf4 $1) 46. Re3 f6 $2 (46... g6 47. Qd4 $16 {/\ Re8}) 47. Qg3 $1 $18 Qh5 (47...
Qxg3 {Ftacnik} 48. Rxg3 Kg8 49. Rxa3 Kf7 50. Ra7 Ke6 51. c6 Rxd6 (51... bxc6
52. Rxd7 Kxd7 53. c5 g5 54. a4 $18) 52. cxb7 Rd1+ (52... Rb6 53. Ra6 $1 $18)
53. Kh2 Rb1 54. a4 Kd6 55. a5 Kc7 56. a6 g5 57. Ra8 $18) 48. Qf4 Kg8 49. Rxa3
Qd1+ 50. Kh2 Qh5+ 51. Rh3 Qg4 $2 (51... Qg6 {Ftacnik} 52. a4 $18) 52. Qxg4 fxg4
53. Rb3 (53. Rb3 Kf7 54. Rxb7 Rxb7 55. c6 $18 (55. c6 {Ftacnik} Rb4 56. c7 Rxc4
57. d7 $18)) 1-0

[Event "Bugojno"]
[Site "Bugojno"]
[Date "1978.03.03"]
[Round "5"]
[White "Tal, Mihail"]
[Black "Portisch, Lajos"]
[Result "1/2-1/2"]
[WhiteElo "2625"]
[BlackElo "2630"]
[Annotator "Bulletin"]
[PlyCount "59"]
[EventDate "1978.02.27"]
[EventType "tourn"]
[EventRounds "15"]
[EventCountry "YUG"]
[EventCategory "14"]
[SourceTitle "MCL"]
[Source "ChessBase"]
[SourceDate "1999.07.01"]
[SourceVersion "1"]
[SourceVersionDate "1999.07.01"]
[SourceQuality "1"]

1. e4 c6 2. d4 d5 3. Nc3 dxe4 4. Nxe4 Bf5 5. Ng3 Bg6 6. h4 h6 7. Nf3 Nd7 8. h5
Bh7 9. Bd3 Bxd3 10. Qxd3 e6 (10... Ngf6 11. Bd2 e6 12. c4 Qc7 13. Qe2 O-O-O 14.
c5 e5 {Rodriguez-Valdez, Cienfuegos 1977}) (10... Qc7 11. Bd2 Ngf6 12. Qe2 e6
13. O-O-O (13. c4 O-O-O 14. c5 $5 e5 15. dxe5 $1 Re8 16. O-O $1 Bxc5 17. b4 $1
{Ciocaltea-Sribar, Istres 1976}) 13... Bd6 14. Nf5 Bf4 15. Ne3 Ne4 $1 $10 {
Buljovcic-Vukic, Novi Sad 1976}) 11. Bf4 (11. Bd2 Ngf6 12. Qe2 Qc7 13. O-O-O
O-O-O 14. Ne5 Nxe5 15. dxe5 Nd7 {Tiller-Groszpeter, Groningen 1978}) 11... Qa5+
12. Bd2 Qc7 13. Qe2 Ngf6 14. c4 Bd6 15. Nf5 Bf4 (15... O-O 16. Nxd6 Qxd6 17.
Bc3 b5 $1 18. cxb5 cxb5 19. Qxb5 Nd5 $15 {Beljavsky-Bagirov, USSR-ch 1977}) 16.
Bxf4 Qxf4 17. Ne3 c5 $1 (17... Qc7 18. O-O-O b5 19. cxb5 cxb5+ 20. Kb1 O-O 21.
g4 $14 {Spassky-Karpov, Leningrad cm 1974}) 18. Nd5 Nxd5 19. cxd5 O-O 20. dxe6
Rfe8 21. O-O Rxe6 22. Qb5 Qc7 23. Rac1 a6 24. Qb3 b6 $10 25. Rfe1 Rxe1+ 26.
Rxe1 Nf6 27. Qc4 Rc8 (27... Nxh5 $2 28. Qd5) 28. Qxa6 cxd4 29. Nxd4 Rd8 30. Nf3
(30. Nf5 Ng4 $1) 1/2-1/2

[Event "Poikovsky Karpov 14th"]
[Site "Poikovsky"]
[Date "2013.09.01"]
[Round "4"]
[White "Inarkiev, Ernesto"]
[Black "Eljanov, Pavel"]
[Result "0-1"]
[WhiteElo "2693"]
[BlackElo "2702"]
[Annotator "CB"]
[PlyCount "96"]
[EventDate "2013.08.28"]
[EventType "tourn"]
[EventRounds "9"]
[EventCountry "RUS"]
[EventCategory "18"]
[SourceTitle "CBM 156"]
[Source "ChessBase"]
[SourceDate "2013.09.17"]
[SourceVersion "1"]
[SourceVersionDate "2013.09.17"]
[SourceQuality "1"]

1. e4 c6 2. d4 d5 3. Nc3 ({Heutzutage ist die Vorstoßvariante} 3. e5 {fast
schon die Hauptvariante gegen Caro-Kann.}) 3... dxe4 4. Nxe4 Bf5 ({Die
Alternative ist} 4... Nd7) 5. Ng3 Bg6 6. h4 h6 7. Nf3 e6 {Schwarz lässt Se5
zu und hofft später die Position des Vorpostens irgedwie ausnutzen zu können.
} ({Mit einer ähnlichen Variante erlitt Khenkin in Dortmund gegen Adams
Schiffbruch:} 7... Nf6 8. Ne5 Bh7 9. Bd3 Nbd7 ({Üblicher ist} 9... Bxd3 10.
Qxd3 e6) 10. Bxh7 Nxe5 11. dxe5 Qa5+ 12. Kf1 Nxh7 13. e6 Qd5 14. exf7+ Qxf7 15.
Ne4 Nf6 16. Nxf6+ Qxf6 17. Rh3 e6 18. Be3 Be7 19. Bd4 Qg6 20. Rg3 Qf5 21. Rxg7
Rf8 22. Qg4 Rd8 23. Re1 Rd6 24. c3 h5 25. Qg6+ Kd8 26. Qxf5 Rxf5 27. Rg8+ Kd7
28. g3 c5 29. Be3 Bf6 30. Rf8 a6 31. Rf7+ {1-0 (31) Adams,M (2740)-Khenkin,I 
(2605) Dortmund 2013}) ({Zur Hauptvariante führt} 7... Nd7 8. h5 Bh7 9. Bd3
Bxd3 10. Qxd3 e6) 8. Ne5 Bh7 9. Bd3 Bxd3 10. Qxd3 Nd7 {Nun muss sich der
Springer erklären.} ({Häufiger sieht man} 10... Nf6 11. Bd2 Nbd7 12. f4) 11.
f4 (11. Qe2 $5) 11... Bb4+ ({Gut spielbar ist auch} 11... c5) 12. c3 (12. Bd2
Bxd2+ 13. Qxd2 Ngf6 14. O-O-O O-O 15. Qe2 Qc7 16. Ne4 Nxe4 17. Qxe4 Rad8 18.
Qe3 Nxe5 19. dxe5 {1/2-1/2 (19) Jakovenko,D (2724)-Eljanov,P (2702) Tromso 2013
}) 12... Be7 13. Bd2 Ngf6 14. O-O-O c5 ({Oder gleich} 14... O-O {z.B.:} 15. Ne4
Nxe4 16. Qxe4 f5 17. Qe2 Nxe5 18. dxe5 Qd5 19. c4 Qd7 20. Bb4 Qe8 21. Bd6 c5
22. Qf3 b6 23. Bxe7 Qxe7 24. Rd6 Rad8 25. Qc6 Rc8 26. Qd7 Qxd7 27. Rxd7 Rf7 28.
Rd6 Re7 29. h5 Kf7 30. Kd2 Ree8 31. Rd7+ Re7 32. Rd6 Ree8 33. Rd7+ Re7 34. Rd3
Ree8 35. Ke3 Red8 36. Rhd1 Ke7 37. Kf3 Rxd3+ 38. Rxd3 Rd8 39. Ra3 Rd7 40. g4
Kd8 41. gxf5 exf5 42. Ke3 a5 43. Rb3 Kc7 44. Ke2 Rd4 45. Rg3 Rxf4 46. Rxg7+ Kd8
47. b3 Rh4 48. Kf3 a4 49. Rb7 axb3 50. axb3 Rxh5 51. Kf4 Rh3 52. Rxb6 Kc7 53.
e6 Rh1 54. Ra6 h5 55. Kxf5 Re1 56. Ra7+ Kc6 57. Rh7 Kd6 58. Rd7+ Kc6 59. Rd3
Rf1+ 60. Kg5 Re1 61. Kf6 h4 62. e7 h3 63. Rxh3 Rf1+ 64. Ke6 {1-0 (64) Smeets,J
(2613)-Lauber,A (2465) Germany 2012}) 15. Be3 O-O 16. Kb1 Qc7 17. Ne4 Nxe4 18.
Qxe4 Nxe5 19. dxe5 ({Nach} 19. fxe5 {hat Schwarz auch keine Probleme} b5 ({oder
} 19... cxd4)) 19... Rfd8 20. h5 {Sonst ist der Bauer nach Tausch auf d1 weg.
In Stellungen diesen Typs versucht Weiß mit g2-g4-g5 zum Angiff gegen den
kurz rochierten König zu kommen. Wenn Weiß diesen Vorstoß schafft, steht er
meist gut. Wenn Schwarz ihn durch Gegenspiel verhindern kann, hat er keine
Sorgen.} Rxd1+ 21. Rxd1 Rd8 22. Rxd8+ Qxd8 {Nach dem Tausch der Türme ist die
Gefahr eines weißen Königsangriff deutlich verringert.} 23. Kc2 Qd7 24. b3
Bf8 25. g4 Qb5 {Schwarz stochert nun in der weißen Stellung herum.} 26. Bd2
Qa6 27. Kb2 Qf1 28. Qxb7 ({Nach} 28. f5 Qd1 29. Bc1 exf5 30. Qxf5 Qe2+ 31. Kb1
b5 {hätte Schwarz gutes Gegenspiel.}) ({Weiß konnte sich mit} 28. c4 Qf2 29.
Kc2 Qg3 30. f5 {passiv verhalten, wonach die Chancen gleich sind.}) 28... Qe2
29. Kc2 Qxg4 30. Qxa7 Qxh5 31. Qb7 Qg6+ 32. Kc1 Qg1+ 33. Kc2 ({Anscheinend war
} 33. Kb2 {genauer. (Houdini)}) 33... h5 34. a4 {Die beiden Freibauern nehmen
den Wettlauf auf.} h4 35. Qf3 ({Im direkten Rennen wäre der h-Bauer schneller.
} 35. a5 h3 36. a6 h2 37. a7 h1=Q $19) 35... c4 36. b4 Qa1 {Mit einem König
auf b2 wäre das nicht möglich gewesen.} 37. f5 $2 {Den Bauern a4 durfte
Weiß nicht aufgeben, weil nun die schwarze Dame über die a-Linie wieder
schnell ins Spiel kommt.} ({Richtig war} 37. a5 Qa4+ 38. Kc1 Qa3+ 39. Kd1 (39.
Kc2 $2 Bxb4) 39... Bxb4 40. f5 Bxa5 (40... exf5 41. e6 fxe6 42. Qe3 Bxa5 43.
Qxe6+ Kh8 44. Qc8+ $11 {führt auch zum Dauerschach.}) 41. fxe6 fxe6 42. Qa8+
$11) 37... Qxa4+ 38. Kc1 exf5 39. Qxf5 Qc6 $19 {Verhindert jedes Gegenspiel
mit e5-e6 und nimmt schon mal das Umwandlungsfeld unter Kontrolle.} 40. Qg4 Be7
41. Kb2 Qd5 42. Be3 Qxe5 43. Bd4 Qh2+ (43... Qg5 $19) 44. Ka3 Bf8 {Da war noch
eine kleine Mattdrohung zu bedienen.} 45. Qc8 h3 (45... Qc2 46. Qxc4 h3 47. Be5
h2 $19) 46. Ka4 ({Ein Versuch war} 46. Bxg7 $5 Kxg7 47. Qg4+ {und nun: oder}
Kf6 (47... Kh8 48. Qh5+ Kg8 49. Qg5+ Bg7 50. Qd8+ Kh7 51. Qh4+ Bh6 52. Qe4+ Kg8
53. Qg4+ Kh7 54. Qf5+ Kg7 55. Qg4+ Kf6 56. Qf3+ Bf4 $19) 48. Qf3+ Kg5 49. Qd5+
Kh4 50. Qe4+ Kg5 51. Qe3+ Qf4 52. Qxh3 Bd6 $19) 46... Qc2+ 47. Kb5 h2 48. Qa8
Qc1 0-1

[Event "Candidates qf2"]
[Site "Antwerp"]
[Date "1989.02.01"]
[Round "2"]
[White "Timman, Jan H"]
[Black "Portisch, Lajos"]
[Result "1/2-1/2"]
[WhiteElo "2610"]
[BlackElo "2610"]
[Annotator "ChessBase"]
[PlyCount "90"]
[EventDate "1989.01.??"]
[EventType "match"]
[EventRounds "6"]
[EventCountry "BEL"]
[SourceTitle "Candidates"]
[Source "ChessBase"]
[SourceDate "1999.07.01"]
[SourceVersion "2"]
[SourceVersionDate "1999.07.01"]
[SourceQuality "1"]

1. e4 c6 2. d4 d5 3. Nd2 dxe4 4. Nxe4 Bf5 5. Ng3 Bg6 6. h4 h6 7. Nf3 Nd7 8. h5
Bh7 9. Bd3 Bxd3 10. Qxd3 e6 11. Bf4 Qa5+ 12. Bd2 Qc7 13. O-O-O Ngf6 14. Ne4
O-O-O 15. g3 Nxe4 16. Qxe4 Be7 17. Kb1 Rhe8 18. Qe2 Bf8 19. Bc1 Bd6 20. Rhe1
Qa5 21. Nd2 Nf6 22. g4 Bc7 23. Nb3 Qd5 24. f3 Bg3 25. Rg1 Qd6 26. Nd2 (26. Qd2
Nd5 27. c4 Bf4 28. Qa5 Bxc1 29. cxd5 Be3 30. dxc6 Bxg1 31. Qxa7 bxc6 32. Qa6+
Kc7 33. Qa7+ $10) 26... Qc7 27. Nc4 Nd5 28. Ne5 Bxe5 29. dxe5 Qb6 $6 {>= 29...
c5; 29...b5} 30. Bd2 Rd7 31. c4 Qa6 32. Rge1 Nb6 33. b3 Red8 34. Bb4 Rxd1+ 35.
Rxd1 Rxd1+ 36. Qxd1 Nd7 37. Bd6 (37. Qd4 $1 Qb6 38. Qxb6 axb6 39. Bd6 $16)
37... Qa5 38. Qe2 b5 $2 {>= 38...Qc3} 39. cxb5 Qxb5 40. Qe3 $2 (40. Qxb5 $1
cxb5 $16) 40... Kb7 41. Qf4 Qd3+ 42. Kb2 Qe2+ 43. Ka3 Qa6+ 44. Kb2 Qe2+ 45. Ka3
Qa6+ 1/2-1/2